<?xml version="1.0" encoding="UTF-8"?>
<collection xmlns="http://www.loc.gov/MARC21/slim">
 <record>
  <leader>01409nam a2200205Ia 4500</leader>
  <controlfield tag="001">CTU_85374</controlfield>
  <controlfield tag="008">210402s9999    xx            000 0 und d</controlfield>
  <datafield tag="082" ind1=" " ind2=" ">
   <subfield code="a">547.6</subfield>
  </datafield>
  <datafield tag="082" ind1=" " ind2=" ">
   <subfield code="b">H507</subfield>
  </datafield>
  <datafield tag="088" ind1=" " ind2=" ">
   <subfield code="a">60440114</subfield>
  </datafield>
  <datafield tag="100" ind1=" " ind2=" ">
   <subfield code="a">Huỳnh, Thị Kim Huệ</subfield>
  </datafield>
  <datafield tag="245" ind1=" " ind2="0">
   <subfield code="a">Nghiên cứu chế tạo xúc tác carbide wolfram cho phản ứng chuyển hóa hydrocarbon</subfield>
  </datafield>
  <datafield tag="245" ind1=" " ind2="0">
   <subfield code="c">Huỳnh Thị Kim Huệ</subfield>
  </datafield>
  <datafield tag="260" ind1=" " ind2=" ">
   <subfield code="a">Cần Thơ</subfield>
  </datafield>
  <datafield tag="260" ind1=" " ind2=" ">
   <subfield code="b">Trường Đại học Cần Thơ</subfield>
  </datafield>
  <datafield tag="260" ind1=" " ind2=" ">
   <subfield code="c">2003</subfield>
  </datafield>
  <datafield tag="520" ind1=" " ind2=" ">
   <subfield code="a">Trong luận văn này tác giả nghiên cứu cá điều kiện chế tạo carbide wolfram W2C bằng các chất ban đầu là oxit wolfram WO3 và muối amoni (meta) wolframat (NH4)6[W12O40].xH2O. Các tác chất khí phản ứng là hydro và butan. Carbide wolfram được chế tạo bằng phương pháp chương trình nhiệt độ. trên cơ sở các nghiên cứu về cấu trúc và bề mặt đã xác định được điều kiện thích hợp để chế tạo xúc tác carbide wolfram W2C. Hoa5t tính xúc tác được đánh giá bằng phản ứng chuyển hóa n-heptan ở vùng áp suất khí quyển.</subfield>
  </datafield>
  <datafield tag="650" ind1=" " ind2=" ">
   <subfield code="a">Aromatic compouds,Hydrocarbons</subfield>
  </datafield>
  <datafield tag="904" ind1=" " ind2=" ">
   <subfield code="i">Mai Loan</subfield>
  </datafield>
  <datafield tag="980" ind1=" " ind2=" ">
   <subfield code="a">Trung tâm Học liệu Trường Đại học Cần Thơ</subfield>
  </datafield>
 </record>
</collection>
